000 00564nam a2200217 a 4500
001 0001-2194
003 ELIB.Books
008 190802 2010 eng
020 _a0805416447
092 _a266
_bfle
100 _aFletcher, Jesse c.
245 _aLayman's Library of Christian Doctrine
260 _aNashville
_bBroadman Press
_c11303
300 _a139
_c20.5cm
650 _aMission Theory
856 _nKBTS Library
_uKBTS Elib
942 _2ddc
_cBK
990 _a1
998 _aEnglishbooks.elf
_ccat
_e2019-08-02
999 _c12194
_d12194